000 00225 a2200097 4500
001 32141
100 _aLyderson, Stian
245 _aSafety and Reliability
260 _aNetherlands
_bA A Balkem
_c1998
090 _c21585
_d21585
942 _aNUST-CAE
_cM
_c12875
999 _c267214
_d267214